तरू ण तुर्क म्हातारे अर्क (Record no. 338239)
[ view plain ]
| 000 -LEADER | |
|---|---|
| fixed length control field | 00597nam a2200169Ia 4500 |
| 008 - FIXED-LENGTH DATA ELEMENTS--GENERAL INFORMATION | |
| fixed length control field | 090711s9999 xx 000 0 und d |
| 082 ## - DEWEY DECIMAL CLASSIFICATION NUMBER | |
| Item number | 1232 |
| 100 ## - MAIN ENTRY--PERSONAL NAME | |
| Personal name | तोरडमल मधुकर |
| 245 ## - TITLE STATEMENT | |
| Title | तरू ण तुर्क म्हातारे अर्क |
| 260 ## - PUBLICATION, DISTRIBUTION, ETC. (IMPRINT) | |
| Date of publication, distribution, etc | 1972 |
| 300 ## - PHYSICAL DESCRIPTION | |
| Extent | 95 |
| 600 ## - SUBJECT ADDED ENTRY--PERSONAL NAME | |
| Personal name | तोरडमल मधुकर |
| 630 ## - SUBJECT ADDED ENTRY--UNIFORM TITLE | |
| Uniform title | तरू ण तुर्क म्हातारे अर्क |
| 700 ## - ADDED ENTRY--PERSONAL NAME | |
| Personal name | तोरडमल मधुकर |
| 730 ## - ADDED ENTRY--UNIFORM TITLE | |
| Uniform title | तरू ण तुर्क म्हातारे अर्क |
| 942 ## - ADDED ENTRY ELEMENTS (KOHA) | |
| Koha item type | Book |
No items available.